Вып. 2; Поиск сигнала в многоканальных системах

Podrobná bibliografie
Parent link:Поиск сигнала в многоканальных системах: сборник/ Томский государственный университет (ТГУ). Вып. 2.— , 1985-1987
Další autoři: Терпугов А. Ф. (редактор)
Jazyk:ruština
Vydáno: 1987
Témata:
Médium: MixedMaterials Kniha
KOHA link:https://koha.lib.tpu.ru/cgi-bin/koha/opac-detail.pl?biblionumber=307819

MARC

LEADER 00000nam2a2200000 4500
001 307819
005 20231102002030.0
035 |a (RuTPU)RU\TPU\book\333126 
035 |a RU\TPU\book\131574 
090 |a 307819 
100 |a 20151026d1987 k y0rusy50 ca 
101 0 |a rus 
102 |a RU 
105 |a a z 001zy 
200 0 |a Вып. 2  |f ред. А. Ф. Терпугов 
210 |d 1987 
215 |a 222 с.  |c ил. 
320 |a Библиография в конце статей 
461 1 |0 (RuTPU)RU\TPU\book\131574  |t Поиск сигнала в многоканальных системах  |o сборник  |f Томский государственный университет (ТГУ)  |v Вып. 2  |d 1985-1987 
606 1 |a Информация  |x Передача по каналам связи  |2 stltpush  |3 (RuTPU)RU\TPU\subj\12993  |9 39683 
610 1 |a сигналы 
610 1 |a поиск 
610 1 |a многоканальные системы 
610 1 |a рекуррентное оценивание 
610 1 |a динамические системы 
610 1 |a функционирование 
610 1 |a контроль 
610 1 |a временные ряды 
610 1 |a массовое обслуживание 
610 1 |a управляемые системы 
675 |a 621.391.3  |v 3 
702 1 |a Терпугов  |b А. Ф.  |4 340 
801 1 |a RU  |b 63413507  |c 20070914  |g PSBO 
801 2 |a RU  |b 63413507  |c 20151026  |g PSBO 
942 |c BK